William Welsh v The Keeper of the Registers of Scotland and William Young (Record no. 82431)
[ view plain ]
| 000 -LEADER | |
|---|---|
| fixed length control field | 01120cad a22001935a 4500 |
| 001 - CONTROL NUMBER | |
| control field | E150247 |
| 008 - FIXED-LENGTH DATA ELEMENTS--GENERAL INFORMATION | |
| fixed length control field | 100616e20100422xxk v 000 0 eng d |
| 035 ## - SYSTEM CONTROL NUMBER | |
| System control number | (Sirsi) u150247 |
| 041 0# - LANGUAGE CODE | |
| Language code of text/sound track or separate title | eng |
| 245 00 - TITLE STATEMENT | |
| Title | William Welsh v The Keeper of the Registers of Scotland and William Young |
| Remainder of title | opinion |
| Medium | [electronic resource] |
| 260 ## - PUBLICATION, DISTRIBUTION, ETC. | |
| Date of publication, distribution, etc. | 2010 |
| 520 ## - SUMMARY, ETC. | |
| Summary, etc. | LTS/LR/2008/08 22 April 2010. The appellant sought rectification of a claimed inaccuracy in the registered title of his property, which the Keeper had previously refused to rectify. The innaccuracy was said to lie in the delineation of the boundary between the appellant's land and that of the interested party, who opposed rectification of the appellant's registered title "Held: appeals dismissed. |
| 650 24 - SUBJECT ADDED ENTRY--TOPICAL TERM | |
| Topical term or geographic name entry element | WELSH V KEEPER OF THE REGISTERS OF SCOTLAND AND ANOR |
| 650 24 - SUBJECT ADDED ENTRY--TOPICAL TERM | |
| Topical term or geographic name entry element | LAND REGISTRATION (SCOTLAND) ACT 1979 |
| 651 #4 - SUBJECT ADDED ENTRY--GEOGRAPHIC NAME | |
| Geographic name | Scotland |
| Chronological subdivision | 1999- |
| 690 ## - LOCAL SUBJECT ADDED ENTRY--TOPICAL TERM (OCLC, RLIN) | |
| Topical term or geographic name as entry element | Planning and development |
| 9 (RLIN) | 6259 |
| 856 40 - ELECTRONIC LOCATION AND ACCESS | |
| Uniform Resource Identifier | <a href="https://www.lands-tribunal-scotland.org.uk/decisions/LTS.LR.2008.08.html">https://www.lands-tribunal-scotland.org.uk/decisions/LTS.LR.2008.08.html</a> |
| Public note | View the decision free of charge at www.lands-tribunal-scotland.org.uk |
| 942 ## - ADDED ENTRY ELEMENTS (KOHA) | |
| Suppress in OPAC | 0 |
| Withdrawn status | Lost status | Source of classification or shelving scheme | Damaged status | Not for loan | Home library | Current library | Shelving location | Date acquired | Total Checkouts | Full call number | Barcode | Date last seen | Copy number | Price effective from | Koha item type |
|---|---|---|---|---|---|---|---|---|---|---|---|---|---|---|---|
| Dewey Decimal Classification | Virtual | Virtual | Online | 16/06/2010 | ONLINE PUBLICATION | 150247-2001 | 06/08/2019 | 1 | 06/08/2019 | Law report |